000 00739nam a2200229Ii 4500
003 JO-AjNU
008 230605s9999||||xx |||||||||||||| ||und||
017 _a2004/6/1507
020 _a978-9957-07-417-2
040 _aJO-AjNU
_bara
_erda
_cJO-AjNU
041 _aara
050 1 4 _aLC3993.J37 2008
100 3 _aجروان،فتحي عبد الرحمن,
_eauthor
_923200
245 0 0 _aالموهبة والتفوق والإبداع
250 _aط3
264 3 1 _aعمان:دار الفكر،2008
300 _a398ص
336 _atext
_btxt
_2rdacontent
337 _aunmediated
_bn
_2rdamedia
338 _avolume
_bnc
_2rdacarrier
650 4 _aالطلبة الموهوبون-الموهوبون-تربية-الإبداع
_923201
999 _aA8356
_c11924
_d11924